[Event "?"]
[Site "?"]
[Date "2011.06.04"]
[Round "6.12"]
[White "Häcker, Alexander"]
[Black "Arounopoulos, Stephan"]
[Result "1-0"]
[WhiteElo "2249"]
[BlackElo "2098"]
[PlyCount "123"]
[EventDate "2011.??.??"]
[WhiteTeam "SV Stuttgart-Wolfbusch 1956 e.V."]
[BlackTeam "SK e4 Gerlingen"]

1. e4 e6 2. d4 d5 3. Nc3 Bb4 4. e5 c5 5. Bd2 cxd4 6. Nb5 Bxd2+ 7. Qxd2 Nc6 8.
f4 Nge7 9. Nd6+ Kf8 10. Nf3 f6 11. Nb5 Qb6 12. O-O-O Nf5 13. Nbxd4 Nfxd4 14.
Nxd4 Nxd4 15. Qxd4 Qxd4 16. Rxd4 fxe5 17. fxe5 Bd7 18. Bd3 Ke7 19. Rf1 Rhf8 20.
Rdf4 h6 21. Kd2 Rxf4 22. Rxf4 Rf8 23. Rg4 Kf7 24. Ke3 Kg8 25. Kd4 b6 26. Ke3
Bc6 27. g3 Rc8 28. Rf4 Rd8 29. c3 Rd7 30. Rf1 Rf7 31. Ra1 Kf8 32. b4 Ke7 33. a4
Kd8 34. a5 Kc7 35. axb6+ Kxb6 36. Ra6+ Kb7 37. Ra2 Kb6 38. Ra5 Rf8 39. Ra6+ Kb7
40. Ra2 Kb6 41. Ra6+ Kb7 42. b5 d4+ 43. Kxd4 Rd8+ 44. Kc5 Rxd3 45. Rxc6 Rd5+
46. Kb4 Rxe5 47. Rd6 Kc7 48. Rd2 Re1 49. c4 Rb1+ 50. Kc5 Re1 51. Ra2 Re5+ 52.
Kd4 Rh5 53. Rxa7+ Kb6 54. Ra6+ Kc7 55. Ra2 Kb6 56. Re2 e5+ 57. Rxe5 Rxh2 58.
Re6+ Ka5 59. Kc5 Rh5+ 60. Kd6 Rg5 61. Kc7 Rxg3 62. b6 1-0

[Event "?"]
[Site "?"]
[Date "2011.06.04"]
[Round "6.13"]
[White "Imhof, Thomas"]
[Black "Dorst, Johannes"]
[Result "1/2-1/2"]
[WhiteElo "2082"]
[BlackElo "2162"]
[PlyCount "94"]
[EventDate "2011.??.??"]
[WhiteTeam "SGem Vaihingen-Rohr"]
[BlackTeam "SK Marburg 1931/72"]

1. e4 e5 2. Nf3 Nc6 3. Bb5 a6 4. Ba4 Nf6 5. O-O Be7 6. Re1 b5 7. Bb3 O-O 8. c3
d5 9. exd5 Nxd5 10. Nxe5 Nxe5 11. Rxe5 c6 12. d4 Bd6 13. Re1 Qh4 14. g3 Qh3 15.
Re4 g5 16. Nd2 f5 17. Re5 Bxe5 18. dxe5 f4 19. Ne4 h6 20. Nf6+ Kh8 21. Nxd5
cxd5 22. Bxd5 Bg4 23. Qf1 Qxf1+ 24. Kxf1 Bh3+ 25. Kg1 Rae8 26. Bd2 Rxe5 27. c4
Re2 28. Bc3+ Kh7 29. Bf3 Re6 30. Bd5 fxg3 31. hxg3 Re2 32. Bd4 Be6 33. Bxe6
Rxe6 34. cxb5 axb5 35. Be3 Rc8 36. a4 b4 37. a5 Ra6 38. Ra4 Rb8 39. Bb6 Raxb6
40. axb6 Rxb6 41. Ra7+ Kg6 42. Re7 Kf6 43. Re4 Kf5 44. f3 h5 45. b3 Rb5 46. g4+
hxg4 47. Rxg4 Ke6 1/2-1/2

[Event "?"]
[Site "?"]
[Date "2011.06.04"]
[Round "6.14"]
[White "Keller, Harald"]
[Black "Haag, Ulrich"]
[Result "1/2-1/2"]
[WhiteElo "2071"]
[BlackElo "2155"]
[PlyCount "98"]
[EventDate "2011.??.??"]
[WhiteTeam "SV Rottweil"]
[BlackTeam "SV Backnang"]

1. e4 c6 2. d4 d5 3. exd5 cxd5 4. Bd3 Nc6 5. c3 g6 6. Bf4 Nf6 7. h3 Bg7 8. Nf3
O-O 9. O-O Bf5 10. Bxf5 gxf5 11. Nbd2 e6 12. Ne5 Ne7 13. Ndf3 Ne4 14. Nd3 Ng6
15. Be3 Qd6 16. Qc1 Rac8 17. h4 h5 18. Nf4 Nxf4 19. Bxf4 Qe7 20. Qe3 f6 21. Bh6
Qf7 22. Bxg7 Kxg7 23. Nd2 Qg6 24. f3 Qg3 25. Rae1 f4 26. Nxe4 dxe4 27. Qxe4
Rce8 28. Qxb7+ Rf7 29. Qe4 Kh6 30. Qe2 Rg7 31. Qf2 Qh3 32. Qd2 Qxh4 33. Re4 e5
34. dxe5 fxe5 35. Rd1 Reg8 36. Re2 Qh3 37. Rf1 Rg3 38. Rff2 h4 39. Qd6+ R8g6
40. Qb8 Kh7 41. Qb7+ Rg7 42. Qe4+ Kh8 43. Rd2 R3g5 44. Kf1 Qe6 45. c4 h3 46.
gxh3 Qxh3+ 47. Ke2 Rg8 48. Kd1 Qh1+ 49. Kc2 Rh5 1/2-1/2

[Event "?"]
[Site "?"]
[Date "2011.06.04"]
[Round "6.15"]
[White "Weidel, Albrecht"]
[Black "Pelezki, Eugen"]
[Result "1-0"]
[WhiteElo "2154"]
[BlackElo "2016"]
[PlyCount "67"]
[EventDate "2011.??.??"]
[WhiteTeam "SAbt TG Biberach"]
[BlackTeam "SV 1947 Wendlingen"]

1. Nf3 Nf6 2. d4 e6 3. e3 Be7 4. Bd3 b6 5. Nbd2 Bb7 6. O-O d6 7. Re1 Nbd7 8. e4
c5 9. c3 Qc7 10. Nf1 c4 11. Bc2 e5 12. Ng3 g6 13. h3 b5 14. a4 a6 15. axb5 axb5
16. Rxa8+ Bxa8 17. Bh6 Bf8 18. Qd2 Bxh6 19. Qxh6 Rf8 20. Ng5 Qa7 21. d5 Qa2 22.
Rb1 Nc5 23. Qg7 Ke7 24. f4 Nd3 25. fxe5 Qa7+ 26. Kh2 Nxe5 27. Rf1 Ne8 28. Qxh7
Qe3 29. Ne6 Nf6 30. Rxf6 Rb8 31. Qh4 Kd7 32. Nd4 b4 33. Rxd6+ Kxd6 34. Ngf5+
1-0

[Event "?"]
[Site "?"]
[Date "2011.06.04"]
[Round "6.16"]
[White "Andraschko, Felix"]
[Black "Scheeff, Volker"]
[Result "1/2-1/2"]
[WhiteElo "2071"]
[BlackElo "2149"]
[PlyCount "43"]
[EventDate "2011.??.??"]
[WhiteTeam "SC Leinfelden"]
[BlackTeam "SK Schmiden/Cannstatt"]

1. e4 e6 2. d4 d5 3. Nd2 Be7 4. Bd3 Nf6 5. e5 Nfd7 6. Ne2 c5 7. c3 Nc6 8. Nf3
b6 9. Nf4 a5 10. Qe2 cxd4 11. Bb5 Na7 12. Nxd4 O-O 13. Bd3 Nc5 14. Bc2 Ba6 15.
Qh5 h6 16. Ndxe6 Nxe6 17. Nxe6 fxe6 18. Qg6 Bf6 19. Qh7+ Kf7 20. Qg6+ Kg8 21.
Qh7+ Kf7 22. Qg6+ 1/2-1/2

[Event "?"]
[Site "?"]
[Date "2011.06.04"]
[Round "6.17"]
[White "Bräunlin, Klaus"]
[Black "Fahnenschmidt, Gerhard"]
[Result "1-0"]
[WhiteElo "2147"]
[BlackElo "2014"]
[PlyCount "55"]
[EventDate "2011.??.??"]
[WhiteTeam "SV Trossingen"]
[BlackTeam "VfL Sindelfingen"]

1. e4 c5 2. Nf3 Nc6 3. Bb5 Nf6 4. Nc3 d6 5. d3 g6 6. O-O Bg7 7. e5 dxe5 8. Nxe5
Bd7 9. Nxc6 bxc6 10. Ba4 O-O 11. Be3 Nd5 12. Qd2 Nxc3 13. bxc3 Qa5 14. Bb3 Bxc3
15. Qe2 Bxa1 16. Rxa1 Qc3 17. Rd1 e5 18. Bh6 Rfc8 19. Qf3 Bf5 20. g4 e4 21. Qf4
exd3 22. gxf5 dxc2 23. Rc1 Kh8 24. f6 Rg8 25. Bxf7 g5 26. Bg7+ Rxg7 27. fxg7+
Kxg7 28. Qc4 1-0

[Event "?"]
[Site "?"]
[Date "2011.06.04"]
[Round "6.18"]
[White "Pfeifer, Wilfried"]
[Black "Bräuner, Uwe"]
[Result "1/2-1/2"]
[WhiteElo "2040"]
[BlackElo "2122"]
[PlyCount "109"]
[EventDate "2011.??.??"]
[WhiteTeam "TSF Ditzingen"]
[BlackTeam "Erfurter SK"]

1. f4 Nf6 2. Nf3 g6 3. b3 Bg7 4. Bb2 c5 5. e3 b6 6. Be2 Bb7 7. O-O O-O 8. d3 d5
9. Ne5 Nc6 10. Bf3 Nxe5 11. Bxe5 Ne8 12. Bxg7 Nxg7 13. c4 Qd7 14. Nc3 dxc4 15.
Bxb7 Qxb7 16. dxc4 Nf5 17. Kf2 Rad8 18. Qf3 Rd2+ 19. Kg1 Qxf3 20. Rxf3 Rfd8 21.
g4 R2d3 22. gxf5 Rxc3 23. fxg6 hxg6 24. Re1 Rd2 25. Rf2 Rcc2 26. Rxd2 Rxd2 27.
a3 Rb2 28. b4 cxb4 29. axb4 Rxb4 30. Ra1 a5 31. c5 bxc5 32. Rxa5 Rc4 33. Kf2
Rc2+ 34. Ke1 Rxh2 35. Rxc5 Kg7 36. Rc7 e6 37. Ra7 Kf6 38. Rb7 Rh7 39. Rb5 Rh5
40. Rb7 g5 41. fxg5+ Rxg5 42. Ke2 Rg3 43. Kf2 Rh3 44. Ke2 e5 45. Ra7 Kf5 46.
Rxf7+ Ke4 47. Ra7 Rxe3+ 48. Kf2 Rb3 49. Ra4+ Kd3 50. Kf3 Rc3 51. Re4 Rc5 52.
Re1 Ra5 53. Rd1+ Kc2 54. Rd8 Ra1 55. Ke2 1/2-1/2

[Event "?"]
[Site "?"]
[Date "2011.06.04"]
[Round "6.19"]
[White "Braun, Georg"]
[Black "Mock, Oskar"]
[Result "1-0"]
[WhiteElo "2121"]
[BlackElo "1993"]
[PlyCount "65"]
[EventDate "2011.??.??"]
[WhiteTeam "SK Bebenhausen 1992"]
[BlackTeam "Stuttgarter SF 1879"]

1. e4 e5 2. Nf3 d6 3. d4 exd4 4. Nxd4 Nf6 5. Nc3 Be7 6. Bf4 O-O 7. Qd2 Nc6 8.
O-O-O Nxd4 9. Qxd4 Be6 10. f3 a6 11. g4 b5 12. h4 c5 13. Qd2 Qa5 14. Kb1 Kh8
15. h5 b4 16. Nd5 Nxd5 17. exd5 Bd7 18. g5 Bf5 19. Bh3 Bxh3 20. Rxh3 c4 21. Qd4
b3 22. axb3 cxb3 23. cxb3 f6 24. g6 Qc5 25. Qxc5 dxc5 26. d6 Rfd8 27. Rh2 Rd7
28. Rc2 Rc8 29. Rdc1 Rxd6 30. Bxd6 Bxd6 31. Rd1 Be5 32. Rxc5 Rg8 33. Rcd5 1-0

[Event "?"]
[Site "?"]
[Date "2011.06.04"]
[Round "6.20"]
[White "Lebeda, Timo"]
[Black "Gabriel, Josef"]
[Result "0-1"]
[WhiteElo "2013"]
[BlackElo "2113"]
[PlyCount "138"]
[EventDate "2011.??.??"]
[WhiteTeam "SAbt VFB Reichenbach"]
[BlackTeam "Stuttgarter SF 1879"]

1. c4 e5 2. Nc3 Bb4 3. Nd5 Bc5 4. b4 Bd4 5. Rb1 c6 6. Nc3 a5 7. b5 Qe7 8. Bb2
Nf6 9. Nf3 O-O 10. e3 Bxc3 11. Bxc3 e4 12. Nd4 d5 13. Nb3 a4 14. Na5 cxb5 15.
Rxb5 Nc6 16. cxd5 Nxa5 17. Bxa5 Bg4 18. f3 exf3 19. gxf3 Ne4 20. h4 Rxa5 21.
fxg4 Qc7 22. Rh3 Rd8 23. Rxa5 Qxa5 24. Bg2 Qxd5 25. Qc2 Qxd2+ 26. Qxd2 Nxd2 27.
Bxb7 Nc4 28. e4 Kf8 29. Rc3 Ne5 30. Bd5 Nxg4 31. Rc7 Ne5 32. Ra7 Rb8 33. Rxa4
Rb2 34. Kd1 Ke7 35. Ra7+ Kd6 36. a4 Kc5 37. a5 Kd4 38. a6 Nd3 39. Re7 Rg2 40.
Bc4 Kxc4 41. a7 Ra2 42. Rxf7 Kd4 43. Rxg7 h5 44. e5 Nxe5 45. Kc1 Kc3 46. Kb1
Ra4 47. Rg3+ Nd3 48. Rg7 Kb3 49. Rb7+ Nb4 50. Kc1 Ra2 51. Kd1 Kc3 52. Ke1 Nd3+
53. Kf1 Kd4 54. Re7 Ne5 55. Rh7 Ke3 56. Re7 Kf4 57. Rg7 Nf3 58. Rf7+ Kg3 59.
Rg7+ Kxh4 60. Rf7 Kg4 61. Rg7+ Ng5 62. Rb7 h4 63. Rb4+ Kg3 64. Rb7 h3 65. Rg7
Kf4 66. Rb7 h2 67. Rb4+ Kg3 68. Rb3+ Nf3 69. a8=Q Rf2# 0-1

[Event "?"]
[Site "?"]
[Date "2011.06.04"]
[Round "6.21"]
[White "Nabavi, Parwis"]
[Black "Gibicar, Danijel"]
[Result "0-1"]
[WhiteElo "2226"]
[BlackElo "2037"]
[PlyCount "52"]
[EventDate "2011.??.??"]
[BlackTeam "SK Bebenhausen 1992"]

1. d4 Nf6 2. c4 c5 3. d5 b5 4. cxb5 a6 5. bxa6 g6 6. Nc3 Bxa6 7. g3 d6 8. Bg2
Nbd7 9. Nf3 Nb6 10. O-O Bg7 11. Re1 O-O 12. Nd2 Ne8 13. a4 Qb8 14. Qc2 Nc7 15.
e4 Nc4 16. Bf1 Na5 17. b3 Qb7 18. Rb1 Rfb8 19. Ba3 Bxf1 20. Rxf1 Qc8 21. Rfc1
Na6 22. Nb5 Qd7 23. Nc4 Nc7 24. Nxa5 Nxb5 25. Nc6 Nxa3 26. Nxb8 Rxb8 0-1

[Event "?"]
[Site "?"]
[Date "2011.06.04"]
[Round "6.22"]
[White "Braun, Rüdiger-Thomas"]
[Black "Szenetra, Werner"]
[Result "1/2-1/2"]
[WhiteElo "2030"]
[BlackElo "2187"]
[PlyCount "105"]
[EventDate "2011.??.??"]
[WhiteTeam "SF Birkenfeld"]
[BlackTeam "SC Rastatt"]

1. e4 g6 2. d4 Bg7 3. Be3 d6 4. Bd3 Nc6 5. c3 e5 6. Ne2 Nf6 7. f3 O-O 8. Qd2 d5
9. O-O dxe4 10. fxe4 Ng4 11. d5 Ne7 12. Bc5 b6 13. Ba3 Bh6 14. Qe1 f5 15. h3
fxe4 16. Rxf8+ Qxf8 17. Bc4 Be3+ 18. Kh1 Nf2+ 19. Kh2 Qh6 20. Bxe7 Bxh3 21.
Qxf2 Bxf2 22. gxh3 Kg7 23. Na3 Re8 24. d6 cxd6 25. Bxd6 g5 26. Nb5 g4 27. Kg2
Bc5 28. Bxc5 Qxh3+ 29. Kf2 bxc5 30. Rg1 Qf3+ 31. Ke1 e3 32. Nc7 Qf2+ 33. Kd1
Rd8+ 34. Bd5 Kf6 35. c4 h5 36. Ne6 Qf3 37. Nxd8 Qf2 38. Ne6 Qf5 39. Nxc5 Qb1+
40. Nc1 e2+ 41. Kxe2 Qxb2+ 42. Kf1 Qxc1+ 43. Kg2 Qb2+ 44. Kh1 Qxa2 45. Rf1+ Kg5
46. Ne4+ Kh4 47. Rf2 Qa1+ 48. Kg2 Qa3 49. Nd2 Qg3+ 50. Kf1 Qd3+ 51. Kg1 Qg3+
52. Bg2 Qe3 53. Kf1 1/2-1/2

[Event "?"]
[Site "?"]
[Date "2011.06.04"]
[Round "6.23"]
[White "Melzner, Lukas"]
[Black "Probst, Alexander"]
[Result "0-1"]
[WhiteElo "2183"]
[BlackElo "1971"]
[PlyCount "108"]
[EventDate "2011.??.??"]
[WhiteTeam "SK Klosterlechfeld"]
[BlackTeam "SC Blau.Turm Bad Wimpfen"]

1. c4 Nf6 2. Nc3 g6 3. g3 Bg7 4. Bg2 d6 5. e3 e5 6. Nge2 O-O 7. O-O c6 8. Rb1
Be6 9. d3 d5 10. cxd5 Nxd5 11. b4 a6 12. a4 Qd7 13. Ne4 Rd8 14. Nc5 Qe7 15.
Nxe6 Qxe6 16. Qb3 Nd7 17. Ba3 Bf8 18. Rfd1 Nc7 19. d4 Qxb3 20. Rxb3 Nb6 21. a5
Nc4 22. Bb2 Nxb2 23. Rxb2 Rd7 24. f4 Re8 25. Kf2 f5 26. Nc3 exd4 27. Rxd4 Rde7
28. e4 fxe4 29. Rxe4 Bg7 30. Rbe2 Kf7 31. Rxe7+ Rxe7 32. Ne4 Bd4+ 33. Kf1 Nb5
34. Ng5+ Ke8 35. Nxh7 Rxe2 36. Kxe2 Bc3 37. Be4 Kf7 38. Ng5+ Kf6 39. Nf3 Bxb4
40. g4 Nc3+ 41. Kd3 Nxe4 42. Kxe4 Bxa5 43. g5+ Kg7 44. h4 Bc3 45. f5 gxf5+ 46.
Kxf5 a5 47. h5 a4 48. h6+ Kh7 49. Ne5 Bxe5 50. Kxe5 a3 51. Ke6 Kg6 52. h7 Kxh7
53. Kf7 a2 54. g6+ Kh6 0-1

[Event "?"]
[Site "?"]
[Date "2011.06.04"]
[Round "6.24"]
[White "Schiff, Armin"]
[Black "Gentner, Markus"]
[Result "1/2-1/2"]
[WhiteElo "2160"]
[BlackElo "2023"]
[PlyCount "98"]
[EventDate "2011.??.??"]
[WhiteTeam "SC Reti Heusweiler"]
[BlackTeam "SC Murrhardt 1948 e.V."]

1. e4 c6 2. d3 d5 3. Nd2 g6 4. g3 Bg7 5. Bg2 Nf6 6. Ne2 O-O 7. O-O Bg4 8. h3
Bd7 9. e5 Ne8 10. d4 f6 11. f4 fxe5 12. fxe5 Nc7 13. Rxf8+ Bxf8 14. b4 a5 15.
bxa5 Rxa5 16. Nb3 Ra7 17. Be3 Nba6 18. Qd2 e6 19. c3 b6 20. Rf1 c5 21. Bg5 Be7
22. Bf6 Bb5 23. Nbc1 Nb8 24. Qg5 Ne8 25. h4 Bxf6 26. exf6 Rf7 27. dxc5 bxc5 28.
Qe5 Qd6 29. Qxd6 Nxd6 30. g4 Ra7 31. Rf2 Kf7 32. Nf4 Nd7 33. g5 Nf5 34. Rb2 Bc4
35. h5 Nh4 36. Bh1 gxh5 37. Rh2 h6 38. gxh6 Ng6 39. Rg2 Nde5 40. h7 Ra8 41.
Nxh5 Rh8 42. Rb2 Nd7 43. Rb7 Nge5 44. Nb3 Bxb3 45. axb3 Rxh7 46. Nf4 Kxf6 47.
Nxd5+ exd5 48. Bxd5 Rh3 49. c4 Kg5 1/2-1/2

[Event "?"]
[Site "?"]
[Date "2011.06.04"]
[Round "6.25"]
[White "Stierle, Martin"]
[Black "Schulte, Torsten"]
[Result "0-1"]
[WhiteElo "1977"]
[BlackElo "2146"]
[PlyCount "60"]
[EventDate "2011.??.??"]
[WhiteTeam "SG Donautal Tuttlingen"]
[BlackTeam "SC Eppingen"]

1. d4 Nf6 2. c4 e6 3. g3 c5 4. d5 exd5 5. cxd5 d6 6. Nc3 g6 7. Qa4+ Qd7 8. Qh4
Bg7 9. Bh6 O-O 10. Bxg7 Kxg7 11. Bh3 Qe7 12. Bxc8 Rxc8 13. Rd1 Nbd7 14. Nf3 Re8
15. O-O b5 16. e3 a6 17. b4 Rac8 18. bxc5 Rxc5 19. Qd4 Rc4 20. Qd2 Rec8 21. Rc1
Ne5 22. Nxe5 Qxe5 23. f4 Qf5 24. e4 Nxe4 25. Nxe4 Qxe4 26. Rxc4 Rxc4 27. Re1
Qd4+ 28. Qxd4+ Rxd4 29. Re7 Rxd5 30. Ra7 Rd1+ 0-1

[Event "?"]
[Site "?"]
[Date "2011.06.04"]
[Round "6.26"]
[White "Sieweck, Philipp"]
[Black "Demel, Paul"]
[Result "0-1"]
[WhiteElo "1938"]
[BlackElo "2140"]
[PlyCount "140"]
[EventDate "2011.??.??"]
[WhiteTeam "SV Rottweil"]
[BlackTeam "SK Kriegshaber"]

1. e4 c5 2. Nf3 d6 3. d4 cxd4 4. Qxd4 a6 5. Bc4 e6 6. Bg5 Qc7 7. O-O Nc6 8. Qc3
Bd7 9. a4 Rc8 10. Bd3 Qb8 11. Nbd2 Ne5 12. Qd4 Ng6 13. a5 h6 14. Be3 Nf6 15.
Nc4 Bc6 16. e5 Nxe5 17. Nfxe5 dxe5 18. Nxe5 Bd6 19. Nxc6 Rxc6 20. Qh4 Be7 21.
Bd2 Qc7 22. Rfe1 Rc5 23. g3 O-O 24. Qh3 e5 25. Ra4 Rxc2 26. Bxh6 gxh6 27. Rg4+
Nxg4 28. Qxg4+ Bg5 29. Qf5 Rc8 30. Rxe5 Rc1+ 31. Kg2 Qc6+ 32. Be4 Qg6 33. Qf3
Qg7 34. Rf5 R1c5 35. Bxb7 Rxf5 36. Qxf5 Rd8 37. Bxa6 Qxb2 38. Bc4 Qf6 39. Qe4
Rd2 40. Be2 Qd8 41. h4 Bf6 42. Bc4 Bd4 43. Qg6+ Bg7 44. Qxf7+ Kh8 45. Qf4 Qxa5
46. Qe4 Qd8 47. Qf4 Rd4 48. Qf7 Qa8+ 49. Kh2 Qf8 50. Kh3 Qxf7 51. Bxf7 Rd7 52.
Bg6 Rd6 53. Be4 h5 54. g4 hxg4+ 55. Kxg4 Bd4 56. f3 Kg7 57. h5 Kh6 58. Bg6 Rf6
59. Kg3 Kg5 60. Kg2 Kf4 61. Be4 Rb6 62. h6 Rxh6 63. Bb7 Rb6 64. Be4 Rb2+ 65.
Kf1 Ke3 66. Kg1 Be5 67. Kf1 Rf2+ 68. Kg1 Bh2+ 69. Kh1 Kf4 70. Bc6 Kg3 0-1

[Event "?"]
[Site "?"]
[Date "2011.06.04"]
[Round "6.27"]
[White "Jehle, Anja"]
[Black "Bodrozic, Tomislav"]
[Result "1-0"]
[WhiteElo "1934"]
[BlackElo "2104"]
[PlyCount "81"]
[EventDate "2011.??.??"]
[WhiteTeam "SC Ingersheim e.V."]
[BlackTeam "SF Birkenfeld"]

1. d4 Nf6 2. c4 g6 3. Nc3 Bg7 4. e4 d6 5. f3 O-O 6. Be3 c5 7. dxc5 dxc5 8. Qxd8
Rxd8 9. Bxc5 Nc6 10. Nd5 Nd7 11. Bxe7 Nxe7 12. Nxe7+ Kf8 13. Nd5 b5 14. cxb5
Nb6 15. Nc3 Be6 16. Nh3 Rac8 17. Be2 Rxc3 18. bxc3 Bxc3+ 19. Kf2 Bd4+ 20. Kg3
Bxa1 21. Rxa1 Rd2 22. Nf4 Bxa2 23. h4 Ke7 24. Bf1 Kd6 25. Rc1 h6 26. Rc6+ Ke7
27. Rc7+ Rd7 28. Rc2 Bb3 29. Rc3 Ba4 30. Ra3 Rd4 31. Rc3 Kd6 32. Rc6+ Kd7 33.
Nd3 Ke7 34. Ne5 Rd6 35. Rc7+ Kf6 36. Nxf7 Rd1 37. Kf2 Nd7 38. Nxh6 Ne5 39. Rxa7
Bb3 40. b6 Rd2+ 41. Kg3 1-0

[Event "?"]
[Site "?"]
[Date "2011.06.04"]
[Round "6.28"]
[White "Jüttner, Andreas"]
[Black "Kreiter, Thomas"]
[Result "1/2-1/2"]
[WhiteElo "2096"]
[BlackElo "1962"]
[PlyCount "58"]
[EventDate "2011.??.??"]
[WhiteTeam "FC Bayern München e.V."]
[BlackTeam "SC Tamm 74"]

1. c4 Nf6 2. g3 g6 3. Bg2 Bg7 4. Nc3 d6 5. d3 O-O 6. Bg5 h6 7. Bd2 Re8 8. e4
Nc6 9. Nge2 e5 10. O-O Nh7 11. Rb1 a5 12. Nd5 f5 13. exf5 Bxf5 14. Be3 Nf6 15.
Nxf6+ Qxf6 16. Nc3 Kh7 17. a3 Nd8 18. Nd5 Qf7 19. Qd2 c6 20. Nb6 Ra6 21. h3 g5
22. g4 Bg6 23. h4 gxh4 24. f4 exf4 25. Rxf4 Qe6 26. Be4 Bxe4 27. Rxe4 Qg6 28.
Rxe8 Qxe8 29. Re1 Qg6 1/2-1/2

[Event "?"]
[Site "?"]
[Date "2011.06.04"]
[Round "6.29"]
[White "Enders, Philipp"]
[Black "Zikeli, Saskia"]
[Result "0-1"]
[WhiteElo "1794"]
[BlackElo "2093"]
[PlyCount "72"]
[EventDate "2011.??.??"]
[WhiteTeam "SV Hockenheim"]
[BlackTeam "SC Ingersheim e.V."]

1. d4 Nf6 2. Nf3 g6 3. c4 Bg7 4. Nc3 O-O 5. e4 d6 6. Be2 e5 7. dxe5 dxe5 8. Bg5
Qxd1+ 9. Rxd1 c6 10. h3 h6 11. Be3 Nh5 12. Ng1 Nf4 13. Bf1 Na6 14. Nge2 Ne6 15.
g4 Nb4 16. Rd2 Nd4 17. Kd1 Nf3 18. Bc5 Nxd2 19. Bxf8 Bxf8 20. Kxd2 Be6 21. Ng3
Rd8+ 22. Kc1 Nd3+ 23. Bxd3 Rxd3 24. Rd1 Rxd1+ 25. Nxd1 Bxc4 26. Kc2 Bc5 27. b3
Be6 28. Kd3 Kg7 29. f3 Kf6 30. h4 Ke7 31. Ne3 Kd6 32. Nef5+ gxf5 33. exf5 Bd5
34. g5 hxg5 35. hxg5 Bxf3 36. g6 fxg6 0-1

[Event "?"]
[Site "?"]
[Date "2011.06.04"]
[Round "6.30"]
[White "Prestel, Oliver"]
[Black "Schaffert, Walter"]
[Result "1-0"]
[WhiteElo "2140"]
[BlackElo "1944"]
[PlyCount "49"]
[EventDate "2011.??.??"]
[WhiteTeam "SV Marbach"]
[BlackTeam "SG Ludwigsburg 1919"]

1. d4 e6 2. c4 b6 3. e4 Bb7 4. Bd3 f5 5. exf5 Bxg2 6. Qh5+ g6 7. fxg6 Bg7 8.
gxh7+ Kf8 9. hxg8=Q+ Kxg8 10. Qg4 Bxh1 11. Bg5 Qf8 12. Nd2 Bb7 13. h4 Qf7 14.
Ne2 Nc6 15. O-O-O Qh5 16. Qg3 Nb4 17. Bb1 Rf8 18. Nf4 Rxf4 19. Qxf4 d6 20. Rg1
Qf7 21. Bf6 Rh7 22. a3 e5 23. dxe5 dxe5 24. Bxh7+ Kxh7 25. Qf5+ 1-0

[Event "?"]
[Site "?"]
[Date "2011.06.04"]
[Round "6.31"]
[White "Montigel, Philipp"]
[Black "Zeh, Rolf"]
[Result "1-0"]
[WhiteElo "2176"]
[BlackElo "1953"]
[PlyCount "109"]
[EventDate "2011.??.??"]
[WhiteTeam "SV Stuttgart-Wolfbusch 1956 e.V."]
[BlackTeam "SV 23 Böckingen"]

1. f4 c5 2. Nf3 Nc6 3. b3 Nf6 4. Bb2 g6 5. g3 Bg7 6. Bg2 O-O 7. O-O d6 8. e3
Bg4 9. h3 Bxf3 10. Qxf3 Rc8 11. g4 Nd7 12. Bxg7 Kxg7 13. c4 e6 14. Nc3 Qe7 15.
Rad1 h6 16. d4 cxd4 17. exd4 f5 18. d5 fxg4 19. hxg4 Nd8 20. dxe6 Qxe6 21. Nb5
Nf7 22. Nd4 Qf6 23. g5 hxg5 24. Bh3 gxf4 25. Bxd7 Ne5 26. Ne6+ Kg8 27. Qd5 Nxd7
28. Rxf4 Qe5 29. Nxf8+ Qxd5 30. Rxd5 Nxf8 31. Rxd6 Kg7 32. Kf2 Rc7 33. Rfd4 Re7
34. Rd3 Re5 35. Re3 Rf5+ 36. Ke2 Rf7 37. Rf3 Re7+ 38. Re3 Rf7 39. Rd8 Nd7 40.
Rde8 g5 41. R3e7 g4 42. Rxf7+ Kxf7 43. Rh8 Kg6 44. Rg8+ Kf5 45. Rg7 Nc5 46. Rc7
Ne4 47. Rf7+ Kg5 48. Ke3 Ng3 49. Rg7+ Kh4 50. Rxb7 Nh5 51. Rh7 Kg5 52. Rxh5+
Kxh5 53. Kf2 Kh4 54. c5 Kh3 55. Kg1 1-0

[Event "?"]
[Site "?"]
[Date "2011.06.04"]
[Round "6.32"]
[White "Giricz, Thomas"]
[Black "Hoeschele, Hans-Ulrich"]
[Result "1/2-1/2"]
[WhiteElo "1840"]
[BlackElo "2146"]
[PlyCount "111"]
[EventDate "2011.??.??"]
[WhiteTeam "VfL Sindelfingen"]
[BlackTeam "Stuttgarter SF 1879"]

1. e4 Nf6 2. e5 Nd5 3. d4 d6 4. c4 Nb6 5. f4 c6 6. Nc3 dxe5 7. fxe5 Bf5 8. Nf3
e6 9. Be3 Be7 10. Be2 O-O 11. O-O N8d7 12. Bd3 Bxd3 13. Qxd3 f6 14. exf6 Bxf6
15. Ne4 Qe7 16. Nxf6+ Nxf6 17. Ne5 Nfd7 18. Nxd7 Qxd7 19. Qc2 Rae8 20. b3 Rf5
21. Rxf5 exf5 22. Bf2 Re4 23. Qd2 Qe6 24. Re1 h6 25. h3 Nd7 26. a4 Nf6 27. Rxe4
fxe4 28. Be3 Kh7 29. Qb4 Qd7 30. Qc5 b6 31. Qe5 a6 32. Kh2 b5 33. axb5 axb5 34.
g4 bxc4 35. bxc4 Kg6 36. g5 hxg5 37. Bxg5 Nh7 38. Be3 Qf5 39. Qe8+ Kf6 40.
Qxc6+ Kf7 41. Qc7+ Kg6 42. Qg3+ Kf7 43. Qf4 Kg6 44. Qxf5+ Kxf5 45. Kg3 Nf6 46.
Bd2 g5 47. d5 g4 48. hxg4+ Nxg4 49. c5 Nf6 50. d6 Ke6 51. Kf4 Nd7 52. Bb4 Kd5
53. Ba3 Nb8 54. Ke3 Nc6 55. Bb2 Nb8 56. Ba3 1/2-1/2

[Event "?"]
[Site "?"]
[Date "2011.06.04"]
[Round "6.33"]
[White "Keough, Robert"]
[Black "Fischer, Gerd"]
[Result "1-0"]
[WhiteElo "2106"]
[BlackElo "1950"]
[PlyCount "57"]
[EventDate "2011.??.??"]
[WhiteTeam "SGem Vaihingen-Rohr"]
[BlackTeam "SC 1926 Haßloch"]

1. e4 e6 2. d4 d5 3. Nc3 Nf6 4. Bg5 Be7 5. e5 Nfd7 6. Bxe7 Qxe7 7. f4 O-O 8.
Qd2 c5 9. Nf3 Nc6 10. dxc5 Qxc5 11. O-O-O f6 12. exf6 Nxf6 13. h3 Rb8 14. g4 b5
15. Bd3 Bd7 16. Ne2 b4 17. Kb1 a5 18. Ng3 Be8 19. Ng5 Nd8 20. Rde1 Bd7 21. Nh5
g6 22. Nxf6+ Rxf6 23. h4 Qd4 24. Rhf1 Bb5 25. Nxh7 Rf7 26. Ng5 Re7 27. Nf3 Qf6
28. g5 Qg7 29. Ne5 1-0

[Event "?"]
[Site "?"]
[Date "2011.06.04"]
[Round "6.34"]
[White "Osmanovic, Faruk"]
[Black "Mendzigall, Martin"]
[Result "1-0"]
[WhiteElo "2093"]
[BlackElo "1928"]
[PlyCount "119"]
[EventDate "2011.??.??"]
[WhiteTeam "SC Blau.Turm Bad Wimpfen"]
[BlackTeam "SC Mühlacker 1923 e.V."]

1. e4 e5 2. Nf3 Nc6 3. Bc4 Bc5 4. c3 d6 5. O-O Nf6 6. b4 Bb6 7. a4 a6 8. d3 h6
9. a5 Ba7 10. Re1 O-O 11. Be3 Be6 12. Bxa7 Rxa7 13. Nbd2 Bxc4 14. Nxc4 Ra8 15.
Ne3 d5 16. Nf5 dxe4 17. dxe4 Qxd1 18. Raxd1 Rad8 19. Ng3 g6 20. Kf1 Rfe8 21. h3
Kf8 22. Ke2 Re6 23. Rxd8+ Nxd8 24. Ke3 Ke7 25. Ne2 Nd7 26. Nd2 f5 27. g3 Nf6
28. f3 Nf7 29. c4 fxe4 30. fxe4 Ng5 31. Rh1 h5 32. Nc3 c6 33. Nb3 Nd7 34. h4
Nf7 35. Na4 Nd8 36. Nac5 Rf6 37. Nxd7 Kxd7 38. Nc5+ Kc7 39. Rd1 Rd6 40. Rc1 Kb8
41. Rf1 Kc8 42. Rf8 Kc7 43. Re8 Rd4 44. Re7+ Kc8 45. Na4 Kb8 46. Nb6 Rd1 47.
Nd7+ Kc8 48. Nxe5 Rb1 49. Nd3 Rg1 50. Kf2 Rd1 51. Ke3 Rg1 52. Kf4 Rf1+ 53. Kg5
Rf3 54. Ne5 Rxg3+ 55. Kf6 Rb3 56. Nd7 Rxb4 57. Nb6+ Kb8 58. Rd7 Rb1 59. Rxd8+
Ka7 60. Ra8# 1-0

[Event "?"]
[Site "?"]
[Date "2011.06.04"]
[Round "6.35"]
[White "Gheng, Simona"]
[Black "Baskin, Robert"]
[Result "0-1"]
[WhiteElo "2052"]
[BlackElo "1940"]
[PlyCount "62"]
[EventDate "2011.??.??"]
[BlackTeam "SAbt TuS Makkabi Ffm"]

1. e4 c5 2. Nf3 a6 3. c4 e6 4. Nc3 d6 5. g3 b6 6. Bg2 Bb7 7. O-O Nf6 8. Re1 Be7
9. d4 cxd4 10. Nxd4 Qc7 11. Be3 O-O 12. Rc1 Nbd7 13. f4 Rac8 14. b3 Qb8 15. Bf2
Qa8 16. Bf3 Nc5 17. e5 Nfe4 18. Nxe4 Nxe4 19. Qe2 Nxf2 20. Kxf2 dxe5 21. Bxb7
Qxb7 22. Qxe5 Bc5 23. Rcd1 Rfd8 24. Rd3 Qd7 25. Red1 Rc6 26. b4 f6 27. Qe4 Rd6
28. bxc5 bxc5 29. Ke3 cxd4+ 30. Rxd4 Qa7 31. R1d3 Qc5 0-1